How to know the aquatic insects / (Record no. 6978)

MARC details
000 -LEADER
fixed length control field 00805cam a2200265 i 4500
001 - CONTROL NUMBER
control field 2265744
003 - CONTROL NUMBER IDENTIFIER
control field OSt
005 - DATE AND TIME OF LATEST TRANSACTION
control field 20210601135952.0
008 - FIXED-LENGTH DATA ELEMENTS--GENERAL INFORMATION
fixed length control field 790425s1979 iaua b 001 0 eng
010 ## - LIBRARY OF CONGRESS CONTROL NUMBER
LC control number 78055761
020 ## - INTERNATIONAL STANDARD BOOK NUMBER
International Standard Book Number 0697047660.
040 ## - CATALOGING SOURCE
Original cataloging agency DLC
Transcribing agency DDC
Modifying agency DLC
050 00 - LIBRARY OF CONGRESS CALL NUMBER
Classification number QL464
Item number .L43
082 00 - DEWEY DECIMAL CLASSIFICATION NUMBER
Classification number 577.6LEH 1979
100 1# - MAIN ENTRY--PERSONAL NAME
Personal name Lehmkuhl, Dennis M.
9 (RLIN) 14329
245 10 - TITLE STATEMENT
Title How to know the aquatic insects /
Statement of responsibility, etc. Dennis M. Lehmkuhl.
260 ## - PUBLICATION, DISTRIBUTION, ETC. (IMPRINT)
Place of publication, distribution, etc. Dubuque, Iowa :
Name of publisher, distributor, etc. W. C. Brown Co. Publishers,
Date of publication, distribution, etc. c1979.
300 ## - PHYSICAL DESCRIPTION
Extent xi, 168 p. :
Other physical details ill. ;
Dimensions 24 cm.
490 0# - SERIES STATEMENT
Series statement The Pictured key nature series
500 ## - GENERAL NOTE
General note Includes index.
504 ## - BIBLIOGRAPHY, ETC. NOTE
Bibliography, etc Bibliography: p. 22-26.
650 #0 - SUBJECT ADDED ENTRY--TOPICAL TERM
Topical term or geographic name as entry element Aquatic insects
General subdivision Identification.
9 (RLIN) 14330
906 ## - LOCAL DATA ELEMENT F, LDF (RLIN)
a 7
b cbc
c orignew
d 2
e ocip
f 19
g y-gencatlg
942 ## - ADDED ENTRY ELEMENTS (KOHA)
Source of classification or shelving scheme Dewey Decimal Classification
Koha item type Open Shelf
Holdings
Withdrawn status Lost status Source of classification or shelving scheme Damaged status Not for loan Home library Current library Date acquired Source of acquisition Inventory number Total Checkouts Full call number Barcode Date last seen Price effective from Koha item type
    Dewey Decimal Classification     MUST Main Library MUST Main Library 01/06/2021 Purchase 13/37019   577.6LEH 1979 2021-0614 01/06/2021 01/06/2021 Open Shelf
    Dewey Decimal Classification     MUST Main Library MUST Main Library 04/06/2021 Purchase 13/37018   577.6LEH 1979 2021-0643 04/06/2021 04/06/2021 Open Shelf